A puzzle for logan

Bewaard in:
Bibliografische gegevens
Hoofdauteur: Macandrew, Richard
Formaat: Boek
Taal:Undetermined
Gepubliceerd in: Cambridge Cambridge University Press 2001
Onderwerpen:
Tags: Voeg label toe
Geen labels, Wees de eerste die dit record labelt!
Thư viện lưu trữ: Trung tâm Học liệu Trường Đại học Cần Thơ
LEADER 00547nam a2200193Ia 4500
001 CTU_120843
008 210402s9999 xx 000 0 und d
082 |a 428.34 
082 |b M114/Cas.2 
100 |a Macandrew, Richard 
245 2 |a A puzzle for logan 
245 0 |c Richard Macandrew 
260 |a Cambridge 
260 |b Cambridge University Press 
260 |c 2001 
650 |a English language,English language 
650 |x Study and teaching,Listening 
904 |i M.Loan 
980 |a Trung tâm Học liệu Trường Đại học Cần Thơ